000 00564nam a22001937a 4500
005 20251108172851.0
008 250721s1999 xx 000 0 ara d
082 1 4 _a796.07909565/قري
100 1 _aالقريني، عثمان
245 1 0 _aدورة الحسين لكل العرب /
264 1 _aعمان :
_bالمؤلف،
_c1999.
300 _a312 ص.
650 1 7 _aالألعاب الرياضية
650 1 7 _aالمسابقات
650 1 7 _aتاريخ الأردن
700 1 _aالعميري، تيسير
942 _2ddc
_cBK
999 _c90454
_d90454